Statistics for U.S. Catholic Jesuit Colleges and Universities

Click here to take the quiz!

General Stats

  • This quiz has been taken 753 times
  • The average score is 9 of 28

Answer Stats

HintAnswer% Correct
Washington DCGeorgetown University
77%
MassachusettsBoston College
69%
WashingtonGonzaga University
53%
NebraskaCreighton University
50%
WisconsinMarquette University
49%
New YorkFordham University
44%
IllinoisLoyola University Chicago
44%
CaliforniaLoyola Marymount University
43%
OhioXavier University
42%
MissouriSaint Louis University
38%
MassachusettsCollege of the Holy Cross
36%
MarylandLoyola University Maryland
35%
LouisianaLoyola University New Orleans
29%
PennsylvaniaSaint Joseph's Univeristy
28%
CaliforniaSanta Clara University
26%
WashingtonSeattle University
25%
ConnecticutFairfield University
24%
CaliforniaUniversity of San Francisco
24%
ColoradoRegis University
20%
New JerseySaint Peter's University
17%
MichiganUniversity of Detroit Mercy
17%
New YorkCanisius College
15%
PennsylvaniaUniversity of Scranton
14%
MissouriRockhurst University
13%
West VirginiaWheeling Jesuit University
13%
OhioJohn Carroll University
12%
AlabamaSpring Hill College
12%
New YorkLe Moyne College
10%

Score Distribution

Percentile by Number Answered

Percent of People with Each Score

Your Score History

You have not taken this quiz